Rapport sur l'enseignement de la statistique dans les écoles des hautes études. (Record no. 37412)

MARC details
000 -LEADER
fixed length control field 00459cam a22001697 4500
001 - CONTROL NUMBER
control field ltf90031870
003 - CONTROL NUMBER IDENTIFIER
control field DLC
005 - DATE AND TIME OF LATEST TRANSACTION
control field 20260227111551.0
008 - FIXED-LENGTH DATA ELEMENTS--GENERAL INFORMATION
fixed length control field 910123s1927 xx 000 0 fre
010 ## - LIBRARY OF CONGRESS CONTROL NUMBER
LC control number ltf90031870
040 ## - CATALOGING SOURCE
Original cataloging agency DLC
Transcribing agency DLC
Modifying agency DLC
050 00 - LIBRARY OF CONGRESS CALL NUMBER
Classification number 4HA 106
100 1# - MAIN ENTRY--PERSONAL NAME
Personal name Würzburger, Eugen,
Dates associated with a name 1858-1938.
245 10 - TITLE STATEMENT
Title Rapport sur l'enseignement de la statistique dans les écoles des hautes études.
260 ## - PUBLICATION, DISTRIBUTION, ETC.
Place of publication, distribution, etc. [n.p.,
Date of publication, distribution, etc. 1927]
300 ## - PHYSICAL DESCRIPTION
Extent 18 p.

No items available.

Powered by Koha